000 00940nam1a22002171i 4500
001 rc\4580702
005 20260407105104.0
035 _a(NLR Aleph) 008378798
090 _a9104563
_c9104563
100 _a20130416d1962 |||y0rusy50 ca
101 0 _arus
102 _aRU
105 _a z |||||
200 1 _aМатериалы гляциологических исследований
_e[1]-
_fМеждувед. геофиз. ком. при Президиуме Акад. наук СССР. Междунар. геофиз. год. 1957-1958-1959. Моск. гос. ун-т им. М.В. Ломоносова. Геогр. фак.
_iЭльбрус
210 _aМосква
_cБ. и.
_d1962
215 _d29
712 0 2 _aМГУ им. М. В. Ломоносова
_bГеографический факультет
_3RU\NLR\AUTH\889936526
_9367859
801 0 _aRU
_bNLR
_gpsbo
801 1 _aRU
_bELAR
_2rusmarc
852 _aNLR
_j63-8/243
942 _cBOOK